000 01000cad a22002535a 4500
001 E150969
008 100916s2009 xxk f 100 0 eng d
020 _a9781842195192
035 _a(Sirsi) u150969
041 0 _aeng
100 1 _aHore, Alan
111 2 _aConstruction and Building Research Conference
_cUniversity of Cape Town
_d10-11 September 2009
245 0 2 _aCreating a software marketplace for the SME community in the Irish construction industry
_h[electronic resource]
260 _aLondon
_bRICS
_c2009
520 _aA paper presented at the COBRA Conference in Cape Town on 10-11 September 2009.
590 _aKA
650 2 4 _aCONSTRUCTION AND BUILDING RESEARCH CONFERENCE (COBRA)
651 4 _aIreland (Republic of)
_y
690 _aConstruction management
_96230
700 1 _aWest, Roger
700 1 _aRedmond, Alan
856 4 0 _uhttps://www.rics.org/site/scripts/download_info.aspx?fileID=5012&categoryID=524
_zView the item free of charge at www.rics.org
942 _n0
999 _c111068
_d111068